La imagen narrativa

Saved in:
Bibliografiske detaljer
Hovedforfatter: García Jiménez, Jesús (Author)
Format: Bog
Sprog:spansk
Udgivet: Madrid Paraninfo 1995
Fag:
Tags: Tilføj Tag
Ingen Tags, Vær først til at tagge denne postø!

MARC

LEADER 00000nam a2200000 a 4500
001 UCU7375
003 CL-VaPUC
008 960705e19950000SP |||||||||||||||||spa|d
082 0 4 |a 809.3  |b GAR  |2 21 
100 |a García Jiménez, Jesús  |e author  |9 543075 
245 1 3 |a La imagen narrativa 
300 |a 340 p 
942 |c BK 
945 |d 19960705 00:00:00  |a rbrito 
260 |a Madrid  |b Paraninfo  |c 1995 
650 0 |a Crítica literaria   |9 269189 
650 0 |a Novela   |9 313705 
650 0 |a Estilo literario  |9 316417 
650 0 |a Análisis literario  |9 318386 
650 0 |a Literatura  |9 259151 
650 7 |a NARRADOR LITERARIO  |2 CL-VaPUC  |9 366178 
583 |a last modification  |c 19960705 00:00:00  |k Rodrigo Vera 
999 |c 250034  |d 250032 
952 |0 0  |1 0  |4 0  |6 809_300000000000000_GAR_1995  |7 0  |8 R  |9 267705  |a BIBART  |b BIBART  |d 2019-11-19  |i 3329852  |o 809.3 GAR 1995  |p 3329852  |r 2025-03-13  |w 2019-11-19  |y BK_R  |k ART